[Event "EU-Cup 18th"]
[Site "Kallithea"]
[Date "2002.09.22"]
[Round "1.3"]
[White "Popov, Valerij"]
[Black "Coenen, Norbert"]
[Result "1/2-1/2"]
[WhiteElo "2579"]
[BlackElo "2425"]
[Annotator "Ribli,Z"]
[PlyCount "56"]
[EventDate "2002.09.22"]
[EventType "team-swiss"]
[EventRounds "7"]
[EventCountry "GRE"]
[SourceTitle "CBM 092"]
[Source "ChessBase"]
[SourceDate "2003.02.06"]
[SourceVersion "1"]
[SourceVersionDate "2003.02.06"]
[SourceQuality "1"]
[WhiteTeam "St Petersburg"]
[BlackTeam "Eupen Rochade"]
[WhiteTeamCountry "RUS"]
[BlackTeamCountry "BEL"]

1. e4 c5 2. Nf3 e6 3. c4 {Diese Nebenvariante ist sehr populär in der letzten
Zeit.} Nc6 4. Nc3 Nf6 5. Be2 {Diese Stellung koennen wir auch nach den Zuegen
1.c4 c5 2.Nf3 Nf6 3.Nc3 e6 4.e4 Nc6 5.Be2 erreichen (von der Englischen
Eröffnung).} d5 {Das ist die prinzipielle Fortsetzung.} (5... b6) (5... a6) 6.
cxd5 (6. exd5 exd5 7. d4 {Das waere die andere Variante, wo Weiss hat in der
symmetrische Stellung eine kleine Initiative.}) (6. e5) 6... exd5 7. e5 Ng4 {
Dieser Springerzug fuehrt zu komplitziertem Spiel, die Alternative 7...Ne4!?
scheint sicherer nach meinem Geschmack.} (7... Ne4 $5) 8. Bb5 {Dieselbe
Stellung (nur umgekehrten Farben) bekommen wir in der Zugfolge 1.c4 c5 2.Nf3
Nf6 3.Nc3 Nc6 4.e3 e5 5.d4 cxd4 6.exd4 e4 7.Ng5 Bb4. In unserer Partiehat
Weiss seinen Pluszug mit 5.Be2 8.Bg5 verloren.} d4 (8... Be7 9. d4 O-O 10. Bxc6
bxc6 11. h3 Nh6 12. Bxh6 gxh6 13. O-O c4 14. Qd2 Kg7 15. Ne2 Rb8 16. Ng3 {
1-0 Nikcevic,N-Notkin,M/Vrnjacka Banja 1998/EXT 2002 (44)}) 9. Bxc6+ (9. Ne4
Qd5 10. Qe2 d3 11. Bxd3 Ngxe5 12. Nxe5 Nxe5 13. Bb5+ Bd7 14. Nc3 Bxb5 15. Qxb5+
Qd7 16. d4 Nc6 17. dxc5 Nd4 18. Qxd7+ Kxd7 19. O-O Bxc5 20. Be3 Rhd8 21. Rfe1
Ne6 {1/2-1/2 Gombac,J-Susnik,M/Skofja Loka 2000/CBM 79 ext (55)}) 9... bxc6 10.
Na4 Qd5 {Der Damenzug ist viel besser als 10...Ba6. Die Dame steht gut
zentralisiert auf d5.} (10... Ba6 11. d3 c4 (11... Qa5+ $6 12. Bd2 Qb5 13. O-O
Qxd3 14. Re1 $16 {1-0 Zvjaginsev,V-Ulibin,M/Elista 1996/CBM 56/[Zvjaginsev] 
(27)}) 12. O-O cxd3 13. e6 $1 f5 14. Bg5 $1 $16 Be7 15. Nc5 Bc4 16. Rc1 Qd5 17.
Bxe7 d2 18. Qxd2 Bxf1 19. Qg5 $40 {1-0 Zvjaginsev,V-Filippov,V/Elista 1997/CBM
59/[Ribli] (23)}) (10... Be7 {Ribli}) 11. O-O Be7 12. Re1 (12. b3 Nxe5 13. Nxe5
Qxe5 14. Re1 Qf6 15. Ba3 O-O 16. Rxe7 Qxe7 17. Bxc5 Qg5 18. Bxf8 Kxf8 19. Qc2
Be6 20. Qc5+ Qxc5 21. Nxc5 {1/2-1/2 Norri,J-Agopov,M/FIN 1998/EXT 2000 (73)})
12... d3 $5 $13 {[%csl Gd3][%mdl 4] Wieder ein riskanter Zug, weil Schwarz den
d3-Bauern im Endspiel verlieren würde, aber der d3P stört die normale
Entwicklung des weissen Damenflügels mit d2-d3.} (12... O-O 13. h3 Nh6 14. d3
Re8 15. b3 Ba6 16. Bxh6 gxh6 17. Qd2 Bf8 18. Nb2 Re6 19. Qf4 Rae8 20. Re4 Bg7
21. Rae1 {1/2-1/2 Holst,A-Larsen,B/Taastrup 1998/CBM 65 (58)}) 13. b3 c4 {
Schwarz moechte den schlechten c4-Bauern tauschen und vermeidet die Varianten
mit Bc1-a3.} (13... O-O 14. h3 (14. Ba3 f6 $13) 14... Nh6 15. Ba3 $14) 14. Nc3
Qe6 15. bxc4 Qxc4 16. h3 (16. Re4 Qe6 17. Nd4 Qg6 18. h3 (18. e6 f5 $13) 18...
Nh6 {Das waere nur Zugumstellung zur Partiefortsetzung.}) 16... Nh6 {In
solchen Stellungen sagen wir gerne, dass beide Spieler schlecht stehen:
Schwarz hat zwar das Läuferpaar, aber sein Springer steht sonderbar auf h6,
Weiss kann dafür seinen Läufer nicht so leicht ins Spiel bringen.} 17. Re4 Qe6
(17... Qa6 $6 18. Ra4 Qb7 19. Rb1 $14) 18. Nd4 (18. Ne1 {[%cal Re1d3]} Qd7 (
18... Qg6 $2 19. Nxd3 Bxh3 20. Nf4 $18) 19. Qf3 c5 {[%cal Gc8b7,Gb7f3]} 20.
Qxd3 Qxd3 21. Nxd3 Bf5 22. Re3 Rd8 23. Nf4 c4 $44) 18... Qg6 {[%csl Gg6][%cal
Gg6g1,Gc8h3,Gg6d3]} 19. e6 O-O $5 {Schwarz beschaeftigt sich nicht mit dem
e6-Bauern, er strebt schnelle Entwicklung an.} (19... fxe6 20. Nxc6 Bf6 $13)
20. Qb3 (20. Nxc6 Bf6 $44) 20... Kh8 {Ein natuerlicher Zug, wenn die
gegnerische Dame auf b3 steht.} (20... c5 $5 21. exf7+ (21. Nd5 $2 Qxe4 $19) (
21. Nc6 Bf6 22. e7 Re8 $36) 21... Nxf7 22. Ne6 (22. Rxe7 Bxh3 23. Qd5 cxd4 $17)
22... Bxe6 23. Rxe6 Bf6 24. Nd5 Kh8 $13) 21. Nxc6 Bf6 22. Ba3 $5 {[%mdl 64]} (
22. e7 Re8 $17 {[%cal Gc8h3,Gg6g2]}) 22... Bxc3 (22... Bxe6 23. Rxe6 fxe6 24.
Bxf8 Rxf8 25. Qxe6 $14) 23. Qxc3 (23. Rae1 $2 Bxd2 24. Ne5 Qxe6 25. Bxf8 Bxe1
$19) 23... Qxe4 24. Bxf8 f6 (24... Nf5 $2 25. g4 Bb7 26. gxf5 Rxf8 27. Qb4 Qxb4
28. Nxb4 $16) 25. Nd8 $6 (25. f3 Qxe6 26. Nb4 $14) 25... Bxe6 26. Qc7 Nf5 27.
Nxe6 Qxe6 28. Bc5 Qd5 (28... Qd5 29. Bxa7 Nh4 30. Qg3 (30. f3 $2 Qg5 $19) 30...
Nf5 (30... Qxg2+ $2 31. Qxg2 Nxg2 32. Kxg2 Rxa7 33. a4 $18) 31. Qc7 $11 (31.
Qf4 $5)) 1/2-1/2

[Event "World Cup"]
[Site "Reykjavik"]
[Date "1991.??.??"]
[Round "10"]
[White "Hjartarson, Johann"]
[Black "Chandler, Murray G"]
[Result "1/2-1/2"]
[WhiteElo "2550"]
[BlackElo "2605"]
[Annotator "Ribli,Z"]
[PlyCount "84"]
[EventDate "1991.09.??"]
[EventType "tourn"]
[EventRounds "15"]
[EventCountry "ISL"]
[EventCategory "16"]
[SourceTitle "CBM 026"]
[Source "ChessBase"]
[SourceDate "1992.02.01"]
[SourceVersion "1"]
[SourceVersionDate "1992.02.01"]
[SourceQuality "1"]

1. c4 c5 2. Nc3 Nf6 3. g3 d5 4. cxd5 Nxd5 5. Bg2 Nc7 6. Qb3 Nc6 7. Bxc6+ bxc6
8. Nf3 (8. Qa4 Qd7 9. Nf3 f6 10. d3 e5 11. Be3 Nd5 12. Rc1 Rb8 13. b3 $2 c4 $1
14. Qxc4 $2 Rb4 $19 {0-1 Sher,M-Brglez,R Ptuj 1991 EXP/24}) 8... Ne6 $5 (8...
e6 $2 9. Qa4 Bb7 10. d3 Be7 11. Be3 Nd5 12. Nxd5 exd5 13. Rc1 d4 14. Bd2 $16 {
Sadriev,O-Sergienko,S URS-sf Voronez 1991 EXP/22}) (8... f6 9. Qa4 Bd7 10. O-O
e5 11. d3 Be7 (11... Rb8 12. Ne4 Nd5 13. Be3 Rxb2 14. Rab1 Rb5 15. Rxb5 cxb5
16. Qxa7 $14 {Fauland,A-Horvath,Jo Budapest Noviki-A CBM/19}) 12. Be3 Rb8 13.
Rfc1 Ne6 14. Qxa7 $16 {Dorfman,I-Thorsteins,K New York op 1989 47/(59) CBM/12})
9. Qa4 Nd4 10. O-O $1 g6 11. Ne5 Bg7 12. Nxc6 Qd7 13. Nxd4 cxd4 14. Qxd7+ Bxd7
15. Ne4 (15. Nd5 Rc8 16. d3 e6 17. Nf4 Rc2 $44) 15... Rc8 16. d3 Rc2 17. Nd2
O-O 18. b3 Rfc8 19. Re1 Bh6 $1 20. f4 $6 (20. Nc4 $1 Bxc1 21. Raxc1 Rxa2 22.
Ra1 Rxa1 23. Rxa1 Rc7 $14) 20... Bg4 21. Kf2 e5 $44 22. Nc4 Bf8 $1 23. Ba3 (23.
Nxe5 Bb4 $1 24. Nxg4 Bxe1+ 25. Kxe1 Rxc1+ 26. Rxc1 Rxc1+ $17) (23. Na3 Bxa3 $1
24. Bxa3 exf4 25. gxf4 Re8 $15) 23... R8xc4 24. Bxf8 Rc6 25. Bh6 exf4 26. gxf4
f6 27. h4 R6c5 28. f5 Rxf5+ 29. Kg3 Bxe2 30. Rac1 Bxd3 31. Re8+ Kf7 32. Rce1
Re5 33. R1xe5 fxe5 34. Rxe5 Bf5 35. Ra5 Rc7 36. Kf2 Ke6 37. Bf4 Rb7 38. Ke1 Bb1
39. Kd2 Rf7 40. Re5+ Kd7 41. Rd5+ Kc6 42. Rxd4 Rd7 1/2-1/2

[Event "World Cup"]
[Site "Reykjavik"]
[Date "1991.??.??"]
[Round "5"]
[White "Andersson, Ulf"]
[Black "Chandler, Murray G"]
[Result "0-1"]
[WhiteElo "2625"]
[BlackElo "2605"]
[Annotator "Ribli,Z"]
[PlyCount "124"]
[EventDate "1991.09.??"]
[EventType "tourn"]
[EventRounds "15"]
[EventCountry "ISL"]
[EventCategory "16"]
[SourceTitle "CBM 026"]
[Source "ChessBase"]
[SourceDate "1992.02.01"]
[SourceVersion "1"]
[SourceVersionDate "1992.02.01"]
[SourceQuality "1"]

1. Nf3 c5 2. c4 Nc6 3. Nc3 Nf6 4. g3 d5 5. cxd5 Nxd5 6. Bg2 Nc7 7. Qa4 Bd7 8.
Qe4 g6 9. Ne5 Bg7 10. Nxd7 Qxd7 11. O-O O-O 12. a3 Rac8 13. Rb1 (13. b4 $2 cxb4
14. axb4 Nb5 15. Qb1 Ncd4 $17 {King,D-Chandler,M Hastings 1990 CBM/22}) 13...
Rfd8 $5 14. d3 $6 (14. b4 $5) 14... Ne6 15. Rd1 Ned4 16. Kf1 b6 17. Bd2 Ne5 18.
Be1 Kh8 19. h3 Qe6 20. Bd2 Rd7 21. Bf4 Rcd8 22. b4 cxb4 23. axb4 Rc8 $6 24. Nd5
Nb5 25. Rdc1 Rcd8 26. Ne3 $2 (26. Bxe5 $1 $8) 26... f5 $19 27. Nxf5 gxf5 28.
Qe3 Nd4 29. b5 Ng6 30. Qxe6 Nxe6 31. Bd2 Rc7 32. h4 Nc5 33. Bb4 e6 34. Bxc5
Rxc5 35. Rxc5 bxc5 36. b6 axb6 37. Rxb6 Nf8 38. Rc6 Rb8 39. Bf3 Rb5 40. Bh5 Kg8
41. Kg2 Be5 42. g4 fxg4 43. Bxg4 Kf7 44. e3 Ke7 45. Ra6 Bd6 46. Bf3 Nd7 47. Be4
h6 48. Bc6 Rb6 49. Rxb6 Nxb6 50. f4 Kf6 51. Kf3 Nd5 52. Bb5 Bc7 53. Bc4 Ne7 54.
h5 Nf5 55. Bb3 Ba5 56. Ke2 Bc3 57. Bd1 Ke7 58. e4 Nd4+ 59. Ke3 Kf6 60. Ba4 Bb2
61. Kd2 e5 62. f5 Kg5 0-1

[Event "Interzonal-15"]
[Site "Manila"]
[Date "1990.??.??"]
[Round "13"]
[White "Sunye Neto, Jaime"]
[Black "Vaganian, Rafael A"]
[Result "1-0"]
[WhiteElo "2465"]
[BlackElo "2630"]
[Annotator "Ribli,Z"]
[PlyCount "39"]
[EventDate "1990.06.29"]
[EventType "swiss"]
[EventRounds "13"]
[EventCountry "PHI"]
[SourceTitle "CBM 019"]
[Source "ChessBase"]
[SourceDate "1990.12.01"]
[SourceVersion "1"]
[SourceVersionDate "1990.12.01"]
[SourceQuality "1"]

1. c4 Nf6 2. Nc3 c5 3. g3 d5 4. cxd5 Nxd5 5. Bg2 Nc7 6. a3 Nc6 7. Nf3 g6 8. h4
$5 (8. O-O Bg7 9. d3 O-O 10. Qa4 Bd7 $10 {Hasin,Al-Dorfman Beograd 1988 46/57})
(8. d3 Bg7 9. Be3 b6 10. Qa4 Bd7 11. Qh4 e5 $1 $10) 8... h6 (8... h5) 9. d3 Bg7
10. Bd2 Bg4 11. Rc1 Qd7 (11... b6) 12. Na4 Ne6 $2 (12... Na6) 13. Nh2 $1 h5 14.
Nxg4 hxg4 15. Nxc5 Nxc5 16. Rxc5 Bxb2 17. Qc2 Bxa3 18. Rxc6 $1 Bd6 19. Rc4 Rh5
20. O-O {Ribli} 1-0

[Event "FIDE World Cup-B"]
[Site "Shenyang"]
[Date "2000.09.03"]
[Round "3"]
[White "Gurevich, Mikhail"]
[Black "Ponomariov, Ruslan"]
[Result "1-0"]
[WhiteElo "2667"]
[BlackElo "2630"]
[Annotator "Ribli,Z"]
[PlyCount "111"]
[EventDate "2000.09.01"]
[EventType "tourn"]
[EventRounds "5"]
[EventCountry "CHN"]
[EventCategory "17"]
[SourceTitle "CBM 079"]
[Source "ChessBase"]
[SourceDate "2000.11.21"]
[SourceVersion "1"]
[SourceVersionDate "2000.11.21"]
[SourceQuality "1"]

1. c4 {Gurevich,M} c5 2. g3 Nf6 3. Bg2 d5 {Dieser Zug ist nicht so stark, wenn
Weiß noch nicht Nf3 gespielt hat.} 4. cxd5 Nxd5 5. Nc3 Nc7 6. Qb3 Nd7 {'?!'
Gurevich,M. Auf diese Weise vermeidet Schwarz die Bildung eines Doppelbauern
am Damenflügel (nach 6...Nc6 7.Bxc6+ bxc6), dafür aber behält er eine passive
Stellung.} (6... Nc6) 7. Nf3 (7. Bxb7 $2 {Gurevich,M} c4 $1 $19 (7... Rb8 8.
Bxc8 Rxb3 9. Bxd7+ Qxd7 10. axb3 $13)) 7... e5 (7... g6 8. h4 Bg7 9. h5 e5 10.
Ne4 Qe7 11. d3 Ne6 12. hxg6 hxg6 13. Rxh8+ Bxh8 14. Qd5 Nb6 15. Nd6+ Kd7 16.
Nxc8+ Nxd5 17. Nxe7 Nxe7 18. Bd2 {1-0 Badea,B-Sarno,S/Novi Sad 1990/TD (82)})
8. O-O Be7 9. e3 {[%cal Gf1d1,Gd2d4] '!' Gurevich,M. Weiß verfolgt einen
einfachen Plan - er möchte d2-d4 spielen und die Stellung - bei besserem
Figurenspiel - öffnen.} Ne6 (9... O-O 10. d4 (10. Rd1 Ne6 11. Nd5 (11. Ne4 Qc7
12. d4 exd4 13. exd4 cxd4 14. Nxd4 Ndc5 15. Qc2 Nxd4 16. Rxd4 Be6 17. Ng5 Bxg5
18. Bxg5 Qe5 19. Qd2 {1-0 Asendorf,J-Behrhorst,F/Germany 1991/TD (39)}) 11...
Re8 12. d4 exd4 13. exd4 cxd4 14. Nxd4 Nxd4 15. Rxd4 Bc5 16. Rd1 Nb6 17. Qb5
Bg4 18. Rf1 Rc8 19. Ne3 Bd7 {[Time]. 0-1 Zueger,B-Brunner,L/SWZ-ch playoff
1994/CBM 43 ext (37)}) 10... Bf6 11. Rd1 Qe7 12. Ne4 exd4 13. Nxf6+ Nxf6 14.
exd4 cxd4 15. Rxd4 {'+/=' Gurevich,M. Gurevich,M: '1-0 Schneider,A-Nezar,M/
Budapest 1997/CBM 59 ext (35)'} Ne6 16. Rh4 Rd8 17. Be3 h6 18. Re1 Qd6 19. Nd4
Nc5 20. Qc2 Na6 21. Nf5 Bxf5 22. Qxf5 {1-0 Schneider,A-Nezar,M/Budapest 1997/
CBM 59 ext (35)}) 10. Rd1 {'!?' Gurevich,M.} (10. Bh3 Qb6 (10... O-O 11. Bxe6
fxe6 12. Qxe6+ Kh8 13. Nxe5 Nxe5 14. Qxe5 Bh3 {'<=>' Gurevich,M. Gurevich,M:
'1/2-1/2 Poldauf,D-Wegner,H/BL9596 1996/GER-chT (31)'} 15. Re1 Bd6 16. Qd5 Qe7
17. b3 Be5 18. Ba3 Rad8 19. Qxc5 Qf7 20. f4 Bd6 21. Qa5 b6 22. Qa6 Bxa3 23.
Qxa3 Rxd2 {1/2-1/2 Poldauf,D-Wegner,H/Germany 1996/GER-chT (31)}) 11. Qxb6 axb6
12. Bxe6 fxe6 13. d3 $14) 10... Bf6 {'!?' Gurevich,M. Schwarz verhindert zwar
den Zug d2-d4, aber seine Figuren stehen unglücklich.} (10... O-O 11. d4 exd4
12. exd4 cxd4 13. Nxd4 Nxd4 (13... Ndc5 {Gurevich,M} 14. Qc4 $14) 14. Rxd4 $14
{[%csl Rc8][%cal Gg2a8]}) 11. Ne4 {'!?' Gurevich,M.} (11. d4 {Gurevich,M} cxd4
12. exd4 exd4 13. Nb5 Ndc5 $13) 11... O-O 12. d3 $14 {Gurevich,M: '[/
\Bc1-d2-c3, Ne4-d6-c8]' Weiß hat eine bequeme Stellung mit besserem
Figurenspiel erreicht, Schwarz hingegen sieht sich bei der Entwicklung des Bc8
vor Probleme gestellt.} b6 {'!?' Gurevich,M.} 13. Nd6 (13. Bd2 $5 Ba6 (13...
Bb7 $2 14. Nxf6+ Qxf6 (14... gxf6 15. Nxe5) (14... Nxf6 15. Nxe5 $16) 15. Nxe5
$1 $16) 14. Bc3 $14) (13. Nxf6+ {Gurevich,M} Qxf6 14. Nxe5 Nxe5 15. Bxa8 Ng5
$132 {( +- Fritz)}) 13... Rb8 (13... Ba6 14. Qa4 Nc7 15. d4 $14) 14. Nxc8 Rxc8
15. Bd2 {'+/=' Gurevich,M. Weiß hat das Läuferpaar. Sein Bg2 ist besonders
stark, weil es viele schwache weiße Felder in der schwarzen Stellung gibt.} g6
{'!?' Gurevich,M.} 16. Bc3 Bg7 17. Qc4 {Gurevich,M: '[/\18.b4; 18.b3, Bc3-b2]'}
(17. Nd2 Nd4 $5 $132 18. exd4 exd4) (17. a4 {Gurevich,M} a5 18. Nd2 $14) 17...
Qe7 (17... Nd4 $5 {Gurevich,M} 18. Kf1 (18. exd4 cxd4 $15) 18... b5 19. Qd5
Nxf3 20. Qxf3 Nb6 21. Ba5 $14) 18. Rac1 Rc7 19. b3 Rfc8 20. Ba1 {Weiß hat dank
des Läuferpaares einen kleinen aber dauerhaften Vorteil. Schwarz hat momentan
eine solide Stellung, aber früher oder später wird es Weiß gelingen, die
Stellung für sein Läuferpaar zu öffnen. Die schwarze Stellung hingegen ist
kaum zu verstärken.} Qd6 21. Nd2 {[%cal Gd2e4,Ge4c3,Gc3d5]} Nb8 {'!?' Gurevich,
M.} 22. Qb5 {'!?' Gurevich,M.} Qd7 (22... Rd7 23. Ne4 $14 (23. Nc4 $14)) 23. a4
$1 {[%mdl 32] '!?' Gurevich,M.} Qxb5 (23... Nc6) 24. axb5 {[%csl Gb5][%cal
Gg2a8] Der Pb5 steht ausgezeichnet und garantiert Weiß Raumvorteil und
positionellen Druck am Damenflügel.} Re7 {Gurevich,M: '[/\25...Nc7]'} 25. b4 $1
{'!?' Gurevich,M.} (25. Nc4 Nc7) 25... Rec7 26. Nc4 $1 (26. bxc5 {Gurevich,M}
Rxc5 $132) 26... cxb4 (26... f6 27. Bd5 $16) 27. Rb1 Rc5 (27... Nd7 28. Rxb4
$14) 28. Rxb4 Rd8 29. Rbb1 f5 {'?' Gurevich,M.} (29... Nc7 30. Nxe5 (30. Na3 {
Gurevich,M} Ne6 31. Rb4 $14) 30... Rxe5 (30... Bxe5 {Gurevich,M} 31. d4 Rxb5
32. dxe5 Rxb1 33. Rxb1 $13) 31. Bxe5 Bxe5 32. d4 $36 {'+/=' Gurevich,M.}) {[#]}
30. Nxe5 $5 {[%mdl 64] '!' Gurevich,M. Mit diesem schönem Zug bekommt Weiß
endlich zwei Bauern + Turm für zwei Leichtfiguren, denn Schwarz kann seinen
a-Bauern nicht halten.} Rxe5 (30... Bxe5 31. d4 Bxd4 32. exd4 Rc2 33. d5 $16 {
Bei ausgeglichenem Material besitzt Weiß starke Initiative, das Läuferpaar ist
sehr stark.} (33. d5 {Gurevich,M} Nc5 34. d6 $16)) 31. Bxe5 Bxe5 32. d4 Bd6 33.
Ra1 {[%csl Ra7][%cal Ra1a7]} Nc7 (33... Rd7 34. Ra4 $16 {[%cal Rd1a1,Ra1a7]} (
34. Rdc1 $36 {Gurevich,M})) 34. Bf1 {[%cal Gf1c4,Gc4g8] '+/-!' Gurevich,M.} Nd7
35. Rxa7 $36 {Die Stellung wäre zwar materiell ausgeglichen, aber die weißen
Türme sind aktiv, Schwarz findet kein Gegenspiel.} Kf8 36. Rc1 Nd5 37. Rc6 {
[%csl Ga7,Gc6]} N7f6 (37... Ke7 38. Bc4 Ke6 39. f3 $18) 38. Be2 {Gurevich,M: '
[/\39.Bf3]'} (38. Bc4 $16) (38. Bc4 {Gurevich,M} Ne7 $2 39. Rxb6 Nc8 40. Rf7+
$18) 38... Be7 39. Bf3 g5 $2 $138 (39... Kf7) 40. Re6 $1 $16 {'+-!' Gurevich,M.
Weiß droht unangenehm mit 41.Raxe7!} Bd6 41. Bxd5 Nxd5 42. Rxh7 {Weiß hat nun
schon drei Bauern + Turm für zwei Leichtfiguren, zudem sind die weißen Türme
sehr aktiv.} Kg8 43. Rb7 f4 {'!?' Gurevich,M.} 44. Kg2 {[%cal Gg2f3,Gf3g4]
'!?' Gurevich,M.} (44. e4 $16) (44. e4 {Gurevich,M} Nc3 45. e5 Bf8 (45... Bb4
46. Rexb6) 46. Rexb6 f3 $132) 44... fxe3 45. fxe3 g4 46. Kf2 $5 {Weiß muss
sich nicht beeilen - er spielt zunächst (noch) nicht 46.e4, sondern
verbesssert seine Königsstellung.} (46. e4 $16) 46... Bb4 47. Ke2 Ba5 48. Kd3 {
[%csl Gd3]} Rc8 49. Rd7 Nc3 (49... Nb4+ 50. Ke4 $18) 50. Rc6 $1 $18 Re8 51.
Rxc3 Bxc3 52. Kxc3 Rxe3+ 53. Kc4 {Mit zwei Mehrbauern sowie aktivem Turm und
König steht Weiß auf Gewinn.} Re2 54. Rd6 Rxh2 55. Rg6+ Kf7 56. Rxg4 1-0

[Event "BIH-chT"]
[Site "Neum"]
[Date "2004.05.29"]
[Round "1.1"]
[White "Ruck, Robert"]
[Black "Perunovic, Milos"]
[Result "0-1"]
[WhiteElo "2556"]
[BlackElo "2557"]
[Annotator "Ribli,Z"]
[PlyCount "86"]
[EventDate "2004.05.29"]
[EventType "team"]
[EventRounds "9"]
[EventCountry "BIH"]
[SourceTitle "CBM 102"]
[Source "ChessBase"]
[SourceDate "2004.09.23"]
[SourceVersion "1"]
[SourceVersionDate "2004.09.23"]
[SourceQuality "1"]
[WhiteTeam "Sarajevo Zeljeznicar"]
[BlackTeam "Bijeljina"]
[WhiteTeamCountry "BIH"]
[BlackTeamCountry "BIH"]

1. c4 Nf6 2. Nc3 c5 3. g3 d5 4. cxd5 Nxd5 5. Bg2 Nc7 6. Qb3 {Dieser Damezug -
der nach meiner Meinung die beste Möglichkeit für Weiß ist - nutzt den Fakt
aus, dass Nf3 noch nicht gespielt ist und die Diagonale des g2-Läufers offen
ist.} Nc6 7. Bxc6+ bxc6 8. Qa4 Bd7 9. Nf3 f6 10. d3 e5 11. O-O {Weiß hat eine
gesunde Bauernstruktur, während die Bauern c6 und c5 ewige Schwächen in der
schwarzen Stellung sind. Andererseits sind die weißen Felder am weißen
Königsflügel geschwächt.} Be7 12. Be3 {[%csl Rc5,Rc6][%cal Ge3c5][%mdl 4]} Nd5
13. Rfc1 $14 {[%cal Gc1c5,Ge3c5] Die Schwächung des Pc5 ist fühlbar und obwohl
Schwarz das Läuferpaar hat, besitzt Weiß Positionsvorteil.} Rb8 (13... Nxe3 14.
fxe3 $14) 14. Rab1 O-O 15. Ne4 Nxe3 (15... c4 16. Qxc4 Rb4 17. Qc2 Nxe3 18.
fxe3 Qb6 19. Kf2 $16) 16. fxe3 Rb5 17. Qxa7 Ra5 (17... c4 $5 18. Rxc4 (18. dxc4
Ra5 19. Qb7 Qe8 $44) (18. Qa4 cxd3 19. Qc4+ Kh8 20. exd3 Qb6 $44) 18... Ra5 19.
Qb7 Rb5 20. Qa6 Ra5 $11) 18. Qb7 Rb5 19. Qa6 {So kann Weiß die Zugwiederholung
vermeiden.} Qb8 20. Nc3 Rb6 (20... Rxb2 21. Qc4+ Kh8 22. Rxb2 Qxb2 23. Rb1 Qc2
24. Qb3 Qxb3 25. Rxb3 $14) 21. Qc4+ Kh8 22. Ne4 {Weiß hat einen Bauern mehr
und der Pc5 ist immer noch schwach.} Rb5 (22... Rxb2 23. Rxb2 Qxb2 24. Nxc5 $16
) 23. Qc3 (23. b3 $14) 23... Be6 24. b3 f5 {Gut oder schlecht, Schwarz muss am
Königsflügel aktiv spielen, das ist seine einzige Gegenchance.} 25. Ned2 e4 26.
Ne1 $6 {Dieser Zug scheint etwa passiv.} (26. dxe4 fxe4 27. Qe5 $1 Qc8 (27...
exf3 28. Qxe6 f2+ 29. Kg2 $16) 28. Qxe4 Bf6 29. Qc2 $16) 26... h5 (26... Bf6
$44) 27. Ng2 Bf6 28. Qc2 h4 (28... g5 29. Rf1 $16) 29. dxe4 fxe4 30. Nf4 Bf5
31. Nf1 Bg5 $2 (31... g5 $5 $13) 32. gxh4 $2 {[%mdl 8192]} (32. g4 $1 Bxf4 (
32... Bxg4 33. Ng6+ {[%cal Rg6f8,Rg6h8]}) 33. gxf5 Bg5 34. Qxe4 $16) 32... Bxf4
$17 33. exf4 e3 {[%cal Rf5b1] Auf diese Weise gewinnt Schwarz die Qualität.}
34. Qc3 Bxb1 35. Rxb1 Qxf4 {[%csl Rg1] Materiell steht Weiß auch nicht gut,
aber was noch wichtiger ist - sein König steht schlecht.} 36. Qxe3 Qxh4 37. Rc1
Rb4 {[%cal Rb4g4,Rg4g1]} 38. Rxc5 Rbf4 (38... Rg4+ 39. Ng3 Qh3 $19) 39. Ng3 Qf6
40. Rc1 (40. Qc1 $142) 40... Qh6 {Die schwarze Drohung ist 41...Rf1+ 42.Nxf1
Rxf1+.} 41. Rc3 Qh3 $19 42. Rc1 Rh4 43. Nf1 Rxf1+ 0-1